MARC

LEADER 00000nab a2200000 a 4500
001 vtls000315914
003 SK-MaSNL
005 20260303180109.0
008 111201c1978 xo 0 slo
015 |a SNBRB19rr/mm-uuuuu 
035 |a CL0006006 
040 |a SNKBUCL  |b slo  |c SNKBUCL  |e AACR2 
041 0 |a slo 
044 |a xo  |c SK 
080 |a 882-3  |2 1981 
100 1 |a Vinogradskaja, Polina  |4 aut  |9 336388 
245 1 0 |a Jenny jeho láska  |c Polina Vinogradská 
650 0 7 |a romány faktografické  |2 snkbucl  |9 943586 
650 0 7 |a sovietska literatúra  |2 snkbucl  |9 22300 
650 0 7 |a Marxova, Jenny  |2 snkbucl  |9 924201 
655 7 |a články z novín a časopisov  |2 snkbucl  |9 267496 
655 7 |a články z odboru literárna veda a krásna literatúra  |2 snkbucl  |9 770045 
773 0 |t Ľud  |g Roč. 30, č. 58 (9. 3. 1978), s. 10 
850 |a Slovenská národná knižnica v Martine  |a MTA001 
852 |a SNK  |b KIS3GCP 
958 |a RK 
958 |a LX 
958 |a SK 
992 |a RBX 
999 |c 2104751  |d 2106681